[Event "TUR-chT 2nd League"]
[Site "Konya"]
[Date "2019.07.25"]
[Round "5.11"]
[White "Tutar, Elif"]
[Black "Oner, Deniz"]
[Result "1-0"]
[WhiteElo "1147"]
[BlackElo "1085"]
[PlyCount "129"]
[EventDate "2019.07.22"]
[EventType "team-swiss"]
[EventRounds "9"]
[EventCountry "TUR"]
[SourceTitle "CBM 191 Extra"]
[Source "ChessBase"]
[SourceDate "2019.09.30"]
[SourceVersion "1"]
[SourceVersionDate "2019.09.30"]
[SourceQuality "1"]
[WhiteTeam "Mardin Kale"]
[BlackTeam "Konya Erkin"]
[WhiteTeamCountry "TUR"]
[BlackTeamCountry "TUR"]

1. d4 d5 2. Nf3 Nf6 3. g3 Nc6 4. Bg2 e6 5. 0-0 Bd6 6. c4 dxc4 7. Qc2 e5 8. dxe5 Bxe5 9. Nxe5 Nxe5 10. Bf4 Ng6 11. Qxc4 c6 12. Bd2 0-0 13. Qc2 Be6 14. Nc3 Qd7 15. Rad1 Qc7 16. Bg5 Nd7 17. Qd3 h6 18. Bc1 Rad8 19. Qc2 Rfe8 20. Rfe1 Nf6 21. Rxd8 Rxd8 22. Rd1 Re8 23. a3 Qb6 24. Be3 Qc7 25. Ne4 Nd5 26. Qd3 Nxe3 27. Qxe3 a6 28. Qd3 Ne5 29. Qd6 Qxd6 30. Nxd6 Re7 31. Ne4 Nc4 32. Nc5 Bf5 33. e4 Bg6 34. Rd8+ Kh7 35. Rb8 Nd6 36. Kf1 f6 37. Kg1 Bf7 38. Kf1 Bc4+ 39. Kg1 Bb5 40. Bf1 Bxf1 41. Kxf1 Re5 42. b4 Re7 43. f4 Kg6 44. Kf2 f5 45. e5 Ne4+ 46. Nxe4 fxe4 47. Ke3 Kf7 48. Kxe4 g6 49. Rh8 Kg7 50. Rd8 Kf7 51. Rd6 Re6 52. Rxe6 Kxe6 53. h4 h5 54. a4 b6 55. Kd4 Kd7 56. a5 c5+ 57. bxc5 bxa5 58. Kd5 a4 59. c6+ Kd8 60. Kd6 a3 61. c7+ Kc8 62. e6 a2 63. e7 a1Q 64. e8Q+ Kb7 65. Qb8# 1-0